000 00537nam a2200193 a 4500
001 78
003 CO-ViMGA
008 141112s2004 ck r 000 u spa d
040 _aCO-ViMGA
_bspa
_cCO-ViMGA
082 0 4 _aCo868.5 M17p6
100 1 _aMartí, Jose
_95204
245 1 0 _aPáginas escogidas /
_cJose Marti
260 _aBarcelona :
_bNorma,
_c1994
300 _a125, 79 p
490 _aCara y cruz
500 _aEncuadernado con A propósito de Jose Martí y su obra.
650 1 4 _aLITERATURA COLOMBIANA
_91068
942 _2ddc
_cBK
999 _c12330
_d12330